000 00661nam a2200229 4500
003 OSt
005 20240607060855.0
006 a
008 240607b |||||||| |||| 00| 0 eng d
020 _a978076378137
040 _aDWCL-Main lib.
_cOC
082 _aCirc. 006.696 H887a 2011
100 _aHuetner, Brenda
245 _aAdobe captivate 4 : the definitive guide /
260 _aBoston :
_bJones & Bartlett Pub.,
_cc2011.
300 _axxiv,
_b460 p. : ill. ;
_c23 cm.
504 _aIncludes index.
650 _a1. Captivate (Electronic resource).
650 _a2. Computer animation.
700 _aBrenda Huetner
942 _2ddc
_n0
_cBK-CIRC
_kCirc.
999 _c356
_d356